00214nam a2200073Ia 450000500170000000800410001724500720005826000100013020250523155752.0250523s9999 xx 000 0 und d 0aParbat Dağının Esrarı Gökkuş Diz cGülten Dayıoğlu bALTIN